[Event "FIDE World Cup"]
[Site "Khanty-Mansiysk"]
[Date "2011.08.28"]
[Round "1.1"]
[White "Bu, Xiangzhi"]
[Black "Adly, Ahmed"]
[Result "1-0"]
[WhiteElo "2675"]
[BlackElo "2631"]
[Annotator "Krasenkow,M"]
[PlyCount "79"]
[EventDate "2011.08.28"]
[EventType "k.o."]
[EventRounds "7"]
[EventCountry "RUS"]
[SourceTitle "CBM 145"]
[Source "ChessBase"]
[SourceDate "2011.11.11"]
[SourceVersion "1"]
[SourceVersionDate "2011.11.11"]
[SourceQuality "1"]

1. Nf3 d5 2. d4 Nf6 3. c4 e6 4. Bg5 Be7 5. Nc3 O-O 6. e3 h6 7. Bxf6 Bxf6 8. Rc1
c6 9. Bd3 Nd7 10. O-O dxc4 11. Bxc4 e5 12. Ne4 exd4 13. Nxd4 {An attempt to
keep tension in this dull position.} ({Dozens of games ended in a draw after} 
13. Nxf6+ Nxf6 14. Qxd4 $11) 13... Qe7 (13... Be5 $5 14. f4 (14. Qc2 Bxd4 15.
exd4 Nb6 16. Bb3 Bf5 $11 {1/2 Graf,A (2445)-Klovans,J (2400)/Frunze 1988/TD 
(27)}) 14... Bxd4 15. Qxd4 Nb6 16. Nd6 Nxc4 17. Rxc4 Be6 18. Rcc1 Bxa2 19. Ra1
Bd5 20. Nxb7 Qe7 21. Nc5 f5 $1 $11 {1/2 Szabo,V (2356)-Loinjak,S (2517)/
Lechenicher SchachServer 2009/Telechess CBM 139 (51)}) 14. f3 (14. Nxf6+ Nxf6
15. Qc2 Rd8 (15... Bd7 16. Rfd1 Rad8 17. Qb3 Bc8 18. Be2 Ne4 19. Bf3 Ng5 $11 {
1/2 Grau,R-Guimard,C/Buenos Aires 1937/HCL (43)}) 16. Bb3 Bd7 17. h3 Rac8 18.
Rfd1 Qe5 19. Qc4 Qe7 20. Bc2 b5 21. Qc3 Nd5 22. Qd3 Nf6 23. Qc3 Nd5 24. Qa5
Bxh3 25. gxh3 Nxe3 26. fxe3 Qxe3+ $11 {1/2 Le Quang,L (2664)-Tkachiev,V (2636)/
Wijk aan Zee 2011/CBM 141 (35)}) 14... Ne5 (14... Nb6 15. Bb3 Rd8 {looks more
appropriate. On e5 this knight disrupts Black's own pieces.}) 15. Bb3 Rd8 16.
Qc2 Bd7 17. Rfd1 b6 18. Ne2 Be8 $6 {[%mdl 32] Obvious but poor.} (18... Bh4 $1
{was essential to prevent Ne2-g3.}) 19. N2g3 g6 (19... Bd7 $5) 20. Nxf6+ Qxf6
21. Ne4 Qe7 (21... Qf5 $142 $14) 22. Qc3 {[%csl Rf6][%cal Gc3h8] Missing a
good chance:} (22. f4 $1 {[%mdl 64]} Nd3 $8 (22... Ng4 23. Nf2 $1 $18 {[%cal
Rc2g6]}) 23. Rxd3 Qxe4 24. Rxd8 Qxe3+ 25. Kh1 Rxd8 26. Qxg6+ Kf8 27. Qxh6+ Kg8
28. Qg5+ Kf8 29. Rf1 $16) 22... c5 23. Bd5 Rac8 24. h3 Bc6 25. Bxc6 Rxd1+ 26.
Rxd1 Rxc6 27. Rd5 Re6 28. Qd2 f5 29. Nd6 Nc6 (29... Nf7 $142 $11) 30. Nc4 Qh4
$2 (30... Qf6 $1 {[%cal Yc6e5]} 31. f4 g5 $5 32. Rd7 gxf4 33. exf4 Nd4 $132)
31. f4 Qf6 32. Rd7 Re7 $2 {[%mdl 8192] Immediately losing material.} (32... g5
{was quite late but still more stubborn:} 33. Qd5 Ne7 34. Qa8+ Kg7 35. Ne5 $16)
33. Rd6 Qf7 (33... Re6 34. Qd5) 34. Rxc6 Qxc4 35. Rxg6+ Kf7 36. Rxh6 Kg7 37.
Qd6 Qf7 38. Rg6+ Kh7 39. Rf6 Qg7 40. Rxf5 1-0

[Event "Danzhou 3rd"]
[Site "Danzhou"]
[Date "2012.06.07"]
[Round "9"]
[White "Bu, Xiangzhi"]
[Black "Wang, Yue"]
[Result "1-0"]
[WhiteElo "2656"]
[BlackElo "2690"]
[Annotator "Let's Check"]
[PlyCount "98"]
[EventDate "2012.05.29"]
[EventType "tourn"]
[EventRounds "9"]
[EventCountry "CHN"]
[EventCategory "16"]
[SourceTitle "CBM 149"]
[Source "ChessBase"]
[SourceDate "2012.07.17"]
[SourceVersion "1"]
[SourceVersionDate "2012.07.17"]
[SourceQuality "1"]

1. Nf3 d5 2. d4 Nf6 3. c4 e6 4. Bg5 Be7 5. Nc3 h6 6. Bxf6 Bxf6 7. e3 O-O 8. Qc2
c5 9. dxc5 dxc4 10. Bxc4 Qa5 11. O-O Bxc3 12. Qxc3 Qxc3 13. bxc3 Nd7 14. c6
bxc6 15. Rab1 Nb6 16. Be2 Bd7 17. Ne5 Rfd8 18. Bf3 Be8 19. Bxc6 Rac8 20. Bxe8
Rxe8 21. Rfc1 Red8 22. Rb3 Rc5 23. Nf3 Ra5 24. Rb2 Nc4 25. Rbc2 e5 26. Kf1 Kh7
27. e4 Ra6 28. Ke1 Rad6 29. h4 h5 30. Nh2 a5 31. Nf1 Kg6 32. Ke2 f5 33. exf5+
Kxf5 34. Ng3+ Kg6 35. Ne4 Rb6 36. Rd1 Rxd1 37. Kxd1 Kf7 38. Re2 Ke6 39. Nd2 Na3
$6 (39... Kd5 40. Nxc4 Kxc4 $14) 40. f4 $18 Rb5 41. c4 Rc5 42. Nb3 Rxc4 43.
Rxe5+ Kf6 44. Rxa5 Nb1 45. g3 Nc3+ 46. Kd2 Ne4+ 47. Kd3 Rb4 48. Nd4 Nxg3 49.
Rg5 Nh1 1-0

[Event "World-ch30-KK1 Karpov-Kasparov +5-3=40"]
[Site "Moscow"]
[Date "1984.11.23"]
[Round "27"]
[White "Karpov, Anatoly"]
[Black "Kasparov, Garry"]
[Result "1-0"]
[WhiteElo "2705"]
[BlackElo "2715"]
[Annotator "Lutz,C"]
[PlyCount "117"]
[EventDate "1984.09.10"]
[EventType "match"]
[EventRounds "48"]
[EventCountry "URS"]
[SourceTitle "100 Jahre Schach"]
[Source "ChessBase"]
[SourceDate "2000.04.19"]
[SourceVersion "1"]
[SourceVersionDate "2000.04.19"]
[SourceQuality "1"]

{Die fünf Weltmeisterschaftskämpfe zwischen Garry Kasparov und Anatoli Karpov
in den Jahren 1984 bis 1990 zählen sicherlich zu den spannendsten Ereignissen
in der Schachgeschichte. Der erste Wettkampf, der im September 1984 begann und
erst im Februar des Folgejahres endete, wird dabei eine gesonderte Rolle
einnehmen: Der junge Emporkömmling Kasparov traf auf den etablierten
Weltmeister Karpov. Für Kasparov muss der Beginn dieses Wettkampfes eine herbe
Enttäuschung gewesen sein: Bei dem auf sechs Gewinnpartien angelegten Kampf
stand es nach 9 Partien bereits 4:0 für Karpov. Dann gab es viele
Punkteteilungen, ehe Karpov die nachfolgende Partie gewann und so auf 5:0
erhöhte. Was danach geschah, ist Schachgeschichte. Karpov war von dem Gedanken
besessen, Kasparov mit 6:0 zu schlagen und ihn vollständig zu vernichten.
Daher vermied er übermäßiges Risiko und erlaubte so Kasparov, wieder ins Match
zu kommen. Am Schluss hatte Kasparov den längeren Atem und konnte auf 3:5
verkürzen, ehe der Wettkampf unter skandalösen, nie geklärten Umständen
abgebrochen wurde. Beim neu angesetzten, zweiten Wettkampf hatte Kasparov die
Lehren aus der Beinahe-Niederlage gezogen und errang nach einem wiederum
dramatischen Kampf den WM-Titel. Bei meinen Analysen stütze ich mich auf
Anatoli Karpovs Kommentare in "Anatoli Karpov's Best Games".} 1. Nf3 d5 2. d4
Nf6 3. c4 e6 4. Nc3 Be7 {Zu Beginn des Wettkampfes wählte Kasparov die
Tarrasch-Verteidigung, zum damaligen Zeitpunkt seine Lieblingswaffe gegen 1.d4.
Als er jedoch zwei bittere Niederlagen einstecken mußte, griff er auf das
klassische Damengambit zurück und konnte mehr Stabilität in sein Spiel bringen.
Heute wählt Kasparov allerdings das klasssiche Damengambit nur noch selten und
bevorzugt stattdessen die aggressivere Grünfeld-Verteidigung.} 5. Bg5 h6 6.
Bxf6 Bxf6 7. e3 O-O 8. Qc2 ({Beim 3.Wettkampf 1986 zwischen Karpov und
Kasparov war es Kasparov, der als Weißer die Variante} 8. Rc1 {auf höchstem
Niveau einführte und einige wichtige Partien gewann.}) (8. Qb3 {ist eine
andere wichtige Alternative. Wegen des Drucks gegen d5 muss Schwarz das
befreiende ...c7-c5 erst einmal zurückstellen.}) 8... c5 9. dxc5 dxc4 {
Kasparov muss diese Variante gut bekannt gewesen sein, denn er hatte sie ein
Jahr zuvor selbst mit den weißen Steinen gegen Jan Timman zum Sieg geführt:} (
9... Qa5 10. cxd5 exd5 11. O-O-O Be6 12. Nxd5 Rc8 13. Kb1 $1 Bxd5 14. Rxd5 Nc6
15. Bc4 Nb4 16. Qd2 Rxc5 17. Rxc5 Qxc5 18. Rc1 Qb6 19. Qd7 Rf8 20. Qb5 Qd6 21.
e4 Nc6 22. Bd5 a6 23. Qxb7 Ne5 24. Rc8 Rxc8 25. Qxc8+ Kh7 26. Qc2 Kg8 27. Nd2
g5 28. a3 Kg7 29. Nf1 Qb6 30. Ng3 Kg6 31. Ka2 h5 32. Qc8 h4 33. Qg8+ Bg7 34.
Nh5 {und 1:0 G.Kasparov,G-J.Timman (London 1984)}) 10. Bxc4 Qa5 11. O-O Bxc3 (
11... Qxc5 12. Ne4 Qe7 13. Nxf6+ Qxf6 14. Rfd1 {mit spürbarem Druck für Weiß 
(Karpov)}) 12. Qxc3 Qxc3 13. bxc3 Nd7 14. c6 {Natürlich muss Weiß seinen
Mehrbauern derart zurückgeben, dass auch die schwarze Bauernstellung
verschlechtert wird.} bxc6 15. Rab1 Nb6 16. Be2 c5 {Kann Weiß in dieser nahezu
symmetrischen Stellung überhaupt auf Vorteil offen ? Das theoretische Urteil
lautet heute "Nein", aber dies am Brett gegen Karpov zu zeigen, ist keine
einfache Sache, selbst für Kasparov nicht!} 17. Rfc1 $1 {Die Bedeutung dieses
Zuges unterstreicht Karpov deutlich in seinem Kommentar: "Die Bewegung des
Turmes nach c1 ist der erste in einer Reihe präziser Züge von Weiß. 17.Rfd1
drängt sich auf, aber langfristig kann dies nur zu Abtäuschen entlang der
d-Linie führen. Auf c1 erfüllt der Turm eine prophylaktische Aufgabe (die
Verteidigung des c-Bauern) und nimmt dem Läufer nicht das Feld d1 weg. Die
Situation wird erst in sechs Zügen vollständig klar werden und ich muss
zugeben, dass ich die richtige Aufstellung meiner Figuren mehr fühlte als sie
richtig zu sehen."} Bb7 $6 {Dieser Zug erfasst den Geist der Stellung nicht
richtig. Auf der Diagonalen a8-h1 kann der Läufer keinen Blumentopf gewinnen,
wichtiger ist dagegen die Kontrolle über das Feld b5.} (17... Bd7 {ist der
richtige Zug. Wie etliche Partien kurz nach dieser Begegnung zeigen, hat
Schwarz dann keine Probleme mehr. Es ist daher kein Wunder, dass 8.Qc2 in der
modernen Turnierpraxis keine Rolle mehr spielt. Einige Beispiele:} 18. Ba6 (18.
Ne5 Ba4 19. Nd3 Rfc8 20. c4 Rc7 21. Rc3 Rd8 22. Rbc1 Kf8 23. Ra3 Ke7 24. f3 f6
25. Kf2 e5 26. Rcc3 Rd6 $11 {in S.Agdestein-K.Spraggett (Interzonenturnier
Taxco 1985)}) 18... Rfd8 19. Kf1 Bc6 20. Ke2 Bxf3+ 21. gxf3 Rd6 22. Rc2 Rad8
23. f4 g6 24. Bb5 Kg7 25. Rb3 Rd1 26. Ra3 Rb1 27. c4 Nc8 28. Ba6 Nd6 29. Bb5
Nc8 30. Ba6 Nd6 31. Bb5 {mit Remisschluss in I.Novikov-T.Giorgadze (Tashkent
1984)}) 18. Kf1 Bd5 19. Rb5 $14 {"Der weiße Turm strebt nach einer idealen
Position - dem Feld a5. Der Pa2 kann nicht genommen werden wegen 20.c4, und
der Läufer ist gefangen - der Rc1 beeinflußt bereits den Lauf der Dinge."
(Karpov)} Nd7 $2 {Verliert letztlich einen Bauern.} (19... Rac8 20. Ra5 Rc7 21.
c4 Ba8 $14 {ist zäher (Karpov).}) 20. Ra5 Rfb8 21. c4 Bc6 22. Ne1 $1 $16 {
"Paradoxerweise ziehen die weißen Figuren zunächst zurück, bevor sie zum
Angriff übergehen.", so Karpov. Der schwarze c-Bauer wird eingekreist.} Rb4 23.
Bd1 $1 {"Wenn 23.Sd3 sofort geschieht, dann folgt 23...Ta4, und der Bauer ist
gerettet. Nun jedoch kann der Marsch Ne1-d3xc5 nicht verhindert werden. Das
volle Mass der weißen Möglichkeiten wird nun deutlich und die versteckte
Stärke des stillen Zuges 17.Rfc1 wird offenbar." (Karpov)} Rb7 24. f3 Rd8 25.
Nd3 g5 26. Bb3 $1 {Ein letzter Vorbereitungszug, bevor Weiß endlich den Bauern
nimmt.} (26. Nxc5 $2 Nxc5 27. Rxc5 Rb2 28. Rxc6 Rdd2 {(Karpov) würde Schwarz
um die Früchte seiner Arbeit bringen.}) 26... Kf8 27. Nxc5 Nxc5 28. Rxc5 {
Der Bauer ist erobert. Es bedarf jedoch noch enormer technischer Anstrengungen,
um diesen in einen Punkt umzusetzen.} Rd6 29. Ke2 Ke7 30. Rd1 Rxd1 31. Kxd1 Kd6
32. Ra5 f5 33. Ke2 h5 {Schwarz will am Königsflügel Gegenspiel erlangen,
schwächt jedoch die 5.Reihe. Karpov nutzt dies sofort aus.} 34. e4 $5 fxe4 35.
fxe4 Bxe4 36. Rxg5 Bf5 37. Ke3 $6 {Wie Karpov schreibt, hätte Weiß den Ph5
festlegen sollen, da dieser Bauer im weiteren Verlauf Weiß noch Ärger bereitet.
} (37. h4 $1 Rf7 38. Ke3 Bg4 39. c5+ Kc6 40. Ba4+ Kc7 41. Be8 Rh7 42. Bg6 Rh6
43. Be4 $18 {(Karpov)}) 37... h4 38. Kd4 e5+ 39. Kc3 Bb1 40. a3 Re7 41. Rg4 {
"Der letzte Zug von Weiß war der Abgabezug. Im Verlauf der Hausanalyse wurde
es deutlich, dass die Hängestellung außergewöhnlich scharf ist und Schwarz
Gegenspiel bekommen könnte. Um einen klaren Weg zum Vorteil zu finden, musste
ich unmittelbar mehrere Probleme lösen. Es ist kein Zufall, dass dieses
Endspiel bereits in Endspielmonographien eingegangen ist."(Karpov)} h3 $1 {
Aktives Spiel ist im Endspiel immer notwendig !} (41... e4 42. Bd1 Rf7 43. Kd4
Rf2 44. c5+ Ke7 45. Bb3 Rd2+ 46. Kc3 Rd3+ 47. Kb2 e3 48. Ba4 $18 {(Karpov) oder
}) (41... Rh7 42. h3 $18 {(Karpov) sind viel zu passiv für Schwarz.}) 42. g3 (
42. gxh3 Rh7 {gibt Schwarz Gegenspiel (Karpov).}) 42... Re8 {Schwarz will den
Turm über die f-Line auf die zweite Reihe bringen.} (42... Rf7 $2 43. c5+) 43.
Rg7 Rf8 44. Rxa7 Rf2 45. Kb4 Rxh2 $2 {Weiß hat immer noch einen Mehrbauern,
aber es sind fünf Freibauern auf dem Brett. Das Spiel ist nun sehr scharf,
aber Karpov findet den Weg zum Sieg.} (45... Rb2 $145 $1 46. c5+ Kc6 47. Kc4
Ba2 $1 48. Bxa2 Rxa2 49. Ra6+ Kc7 50. Rh6 Rxh2 51. Kd5 Rh1 52. Rh7+ Kb8 {
Schwarz hat gute Remischancen.}) 46. c5+ Kc6 47. Ba4+ Kd5 48. Rd7+ Ke4 (48...
Ke6 49. c6 Rb2+ 50. Bb3+ Rxb3+ 51. Kxb3 Be4 52. Rd8 Bxc6 53. Rh8 Bg2 54. a4 Kf5
55. Rh4 {kann Schwarz auch nicht retten (Karpov).}) 49. c6 Rb2+ 50. Ka5 $1 (50.
Kc5 $2 {ist schwächer, da dann der weiße König im Weg steht:} h2 51. c7 Ke3 $1
52. Rd1 (52. Bc6 $2 Rc2+ {verliert gar für Weiß.}) (52. c8=Q h1=Q {ist völlig
unklar.}) 52... Bf5 {mit einer verworrenen Stellung.}) 50... Rb8 (50... h2 51.
c7 h1=Q 52. Bc6+ {(Karpov)}) 51. c7 Rc8 52. Kb6 Ke3 53. Bc6 h2 54. g4 $1 {
Ein weiterer feiner Zug, der die Partie endgültig entscheidet. Dem schwarzen
Läufer wird das Feld f5 genommen.} Rh8 55. Rd1 Ba2 56. Re1+ Kf4 57. Re4+ Kg3
58. Rxe5 Kxg4 59. Re2 1-0

[Event "Dortmund SuperGM 41st"]
[Site "Dortmund"]
[Date "2013.07.27"]
[Round "2"]
[White "Khenkin, Igor"]
[Black "Meier, Georg"]
[Result "1/2-1/2"]
[WhiteElo "2605"]
[BlackElo "2610"]
[Annotator "Marin,M"]
[PlyCount "89"]
[EventDate "2013.07.26"]
[EventType "tourn"]
[EventRounds "9"]
[EventCountry "GER"]
[EventCategory "19"]
[SourceTitle "CBM 156"]
[Source "ChessBase"]
[SourceDate "2013.09.17"]
[SourceVersion "1"]
[SourceVersionDate "2013.09.17"]
[SourceQuality "1"]

1. d4 Nf6 2. Nf3 d5 3. c4 e6 4. Nc3 Be7 5. Bg5 h6 6. Bxf6 Bxf6 7. e3 O-O 8. Rc1
c6 9. Bd3 Nd7 10. cxd5 (10. O-O {is the classical main line.}) 10... exd5 11.
b4 a6 12. a4 {Many moves have been tried here, but I would choose the rare
game continuation almost without thinking.} Nb6 {(!)} (12... Re8 13. O-O Nf8
14. b5 Ne6 (14... a5 {Cebalo,M (2515)-Boensch,U (2525)/Budapest 1996/CBM 056/
[Donev] (1-0, 48)}) 15. bxc6 bxc6 16. Ne2 Qd6 {Cebalo,M (2475)-Lobron,E (2515)/
Biel 1986/MCL/[Dolmatov] (1/2, 70)}) (12... Be7 13. b5 axb5 14. axb5 Nf6 15.
bxc6 bxc6 16. O-O c5 {Kasparov,G (2770)-Khalifman,A (2630)/Paris 1991/CBM 026
ext (1/2, 45)}) (12... a5 13. b5 Nb6 {would transpose to the main game.}) 13.
b5 (13. O-O Bg4 {Cebalo,M (2540)-Illijin,N (2290)/Portoroz 1997/EXT 1999 (1/2,
23)}) 13... a5 ({Actually, I would have in mind} 13... cxb5 14. axb5 a5 {
, which is my preferred way of meeting the queenside minority attack.}) 14.
bxc6 ({The following two games transposed here via the 12...a5 move order:} 14.
O-O Re8 (14... Bg4 15. Qb3 Bxf3 16. gxf3 Rb8 {Gligoric,S-Benko,P/Palma de
Mallorca 1968/MCD (1-0, 65)}) 15. Re1 Bg4 16. h3 Bxf3 17. Qxf3 Be7 {Cebalo,M 
(2525)-Portisch,L (2570)/Reggio Emilia 1992/EXT 2000 (1/2, 47)}) 14... bxc6 15.
O-O Bd7 16. Ne2 Qe7 17. Rc5 Rfb8 {A harmonious regrouping. The a4-weakness
more or less compensates for the c6-pawn.} 18. Qe1 Nxa4 19. Rxa5 Nb2 20. Rxa8
Rxa8 21. Qb1 Nxd3 22. Qxd3 Bg4 23. Qc2 Rc8 24. Rc1 Qe4 25. Ng3 Qxc2 26. Rxc2 g6
27. h3 Bxf3 28. gxf3 Be7 29. Ne2 Bd6 30. e4 Rc7 31. Kg2 f6 32. Nc3 Kf7 33. Rb2
dxe4 34. fxe4 h5 35. Rb6 Ke7 36. Ne2 g5 37. Ng3 Bxg3 38. Kxg3 Rd7 39. Rb4 Ra7
40. f3 Ra3 41. Rb7+ Kd6 42. Rf7 Ke6 43. Rc7 Kd6 44. Rf7 Ke6 45. Rc7 1/2-1/2